| 000 | 00809cab a2200217 4500 | ||
|---|---|---|---|
| 001 | WB2943-08 | ||
| 008 | 090401t1993 xxu||||| |||| 00| 0 eng d | ||
| 035 | _a(Sirsi) u71923 | ||
| 041 | _aeng | ||
| 245 | _aUnderpinning | ||
| 260 | _c1993 | ||
| 350 | _a0 | ||
| 490 |
_aNew Builder _v(195) 12 November 1993, 1(10 |
||
| 520 | _aBlanket and unnecessary underpinning of homes suspected of suffering from subsidence could come to an end in 1994 as a result of a definitive guide backed by both the construction and insurance sectors. | ||
| 650 | _aBUILT ENVIRONMENT-BUILDING ELEMENTS-COMPLETE BUILDING ELEMENTS-FOUNDATIONS | ||
| 650 | _aINSTITUTION OF STRUCTURAL ENGINEERS | ||
| 650 | _aUNDERPINNING | ||
| 690 | _aBUILDING AND CONSTRUCTION-REPAIRS AND MAINTENANCE | ||
| 942 | _n0 | ||
| 948 | _c04/03/1997 | ||
| 999 |
_c45365 _d45365 |
||